| 000 | 00589nam a22002057a 4500 | ||
|---|---|---|---|
| 003 | OSt | ||
| 005 | 20150302172837.0 | ||
| 008 | 150302b xxu||||| |||| 00| 0 eng d | ||
| 020 | _a184214216x | ||
| 040 | _cDLC | ||
| 082 | _aWJ 752 K637a 2003 | ||
| 100 |
_akirby Roger S. _93073 |
||
| 245 |
_aAn atlas of Prostatic diseases / _cRoger S. kirby, |
||
| 250 | _a3rd ed. | ||
| 260 |
_aLondon: _bThe pathenon Publishing; _c2003 |
||
| 300 |
_a132 p : _bcol.ill; _c27 cm |
||
| 504 | _aIncludes bibliographical references and index. | ||
| 650 |
_aProstatic diseases. _93074 |
||
| 942 |
_2z _cSLOAN |
||
| 999 |
_c1127 _d1127 |
||